Statistiken für Finde den Imposter 2

Klicken Sie hier um das Quiz zu spielen!

Allgemein

  • Dieses Quiz wurde 60 mal gespielt
    (18 seit der letzten Aktualisierung)
  • Das Durchschnittsergebnis liegt bei 45 aus 60

Antwortstatistiken

FrageKachelSelect% Korrekt
LandDschibutiNein
100%
LandEswatiniNein
100%
AutomarkeHyundaiNein
100%
AutomarkeKiaNein
100%
LandNauruNein
100%
AutomarkeSuzukiNein
100%
GewürzKardamomNein
94%
KäferKleiner PuppenräuberNein
94%
GewürzKorianderNein
94%
PflanzeNieswurzNein
94%
Character aus One PieceSanjiNein
94%
JupitermondSinopeNein
94%
AutomarkeSubaruNein
94%
PflanzeMädesüßNein
89%
Character aus One PieceNamiNein
89%
GewürzPimentNein
89%
Character aus One PiecePortgas D. AceNein
89%
GewürzSafranNein
89%
LandVanuatuNein
89%
SternbildWalfischNein
89%
GewürzAnisNein
83%
KäferDistelgallenrüsslerNein
83%
PflanzeJungfer im GrünenNein
83%
KäferKopfhornschröterNein
83%
PflanzeMännertreuNein
83%
Character aus One PieceRoronoa ZoroNein
83%
AutomarkeSakushimaJa
83%
Sehenswürdigkeit in RomSpanische TreppeNein
83%
LandSurinameNein
83%
FischZingelNein
83%
SternbildDreieckNein
78%
SternbildEinhornNein
78%
SternbildFliegender FischNein
78%
JupitermondGanymedNein
78%
KäferGlühwürmchenNein
78%
FischRotfederNein
78%
JupitermondThemistoNein
78%
Sehenswürdigkeit in RomTrevi-BrunnenNein
78%
AutomarkeDaihatsuNein
72%
GewürzDalasiJa
72%
Sehenswürdigkeit in RomEngelsburgNein
72%
KäferErzfarbener KamelläuferNein
72%
FischGlattdickNein
72%
JupitermondIoNein
72%
PflanzeJelängerjelieberNein
72%
FischMarmorgrundelNein
72%
Sehenswürdigkeit in RomPantheonNein
72%
FischSchleieNein
72%
LandUluruJa
72%
Sehenswürdigkeit in RomVilla BorgheseNein
72%
JupitermondHimaliaNein
61%
Character aus One PieceNico RobinNein
56%
SternbildLuftpumpeNein
44%
KäferBienenfresserJa
39%
Character aus One PieceKataraJa
33%
SternbildDinosaurierJa
28%
PflanzeKleiner BlaupfeilJa
22%
Sehenswürdigkeit in RomTivoli GartenJa
22%
JupitermondKalistaJa
6%
FischForintJa
0%

Verteilung der Resultate

Perzentil nach korrekt beantworteten Fragen

Anzahl Personen mit jedem Resultat

Ihre Resultats-Entwicklung

Sie haben dieses Quiz seit der letzten Aktualisierung nicht gespielt